[Event "chess.com SpeedChess Q2Sw"]
[Site "chess.com INT"]
[Date "2022.11.12"]
[Round "9"]
[White "Veiga, Jose Francisco R P Neves"]
[Black "Rakhmanov, Aleksandr"]
[Result "0-1"]
[WhiteTitle "IM"]
[BlackTitle "GM"]
[WhiteElo "2393"]
[BlackElo "2630"]
[WhiteFideId "1930087"]
[BlackFideId "4173708"]
[EventDate "2022.11.12"]

1. c4 e5 2. g3 c6 3. Bg2 d5 4. d4 e4 5. Nc3 Be6 6. Qb3 Na6 7. Nh3 Nb4 8. c5 a5
9. a3 Bxc5 10. axb4 Bxb4 11. O-O Ne7 12. Na2 Bd6 13. Bf4 O-O 14. Nc3 b5 15. f3
exf3 16. exf3 Nf5 17. Rad1 Bxf4 18. Nxf4 Ne3 19. Rfe1 Nxd1 20. Nxe6 fxe6 21.
Qxd1 Qd6 22. Ne2 Rae8 23. Nf4 e5 24. dxe5 Rxe5 25. Nd3 Rxe1+ 26. Qxe1 c5 27.
Qxa5 c4 28. Nf2 Qc5 29. Kf1 Re8 30. Bh3 d4 31. Bd7 Rb8 32. Ne4 Qe5 33. Qa7 d3
34. f4 Qxe4 35. Qxb8+ Kf7 36. Qe5 Qh1+ 37. Kf2 Qxh2+ 38. Kf3 Qh1+ 39. Kg4 Qd1+
40. Kh3 Qh1+ 41. Kg4 Qd1+ 42. Kh4 Qe2 43. Qd5+ Ke7 44. Bg4 Qe3 45. Qe5+ Qxe5 46.
fxe5 b4 47. Kg5 c3 48. bxc3 bxc3 49. Kf4 c2 0-1

[Event "chess.com SpeedChess Q2Sw"]
[Site "chess.com INT"]
[Date "2022.11.12"]
[Round "9"]
[White "Kovalev, Vladislav"]
[Black "Sevian, Samuel"]
[Result "0-1"]
[WhiteTitle "GM"]
[BlackTitle "GM"]
[WhiteElo "2623"]
[BlackElo "2687"]
[WhiteFideId "13504398"]
[BlackFideId "2040506"]
[EventDate "2022.11.12"]

1. e4 e5 2. Nf3 Nf6 3. Nxe5 Nxe4 4. Qe2 Qe7 5. Qxe4 d6 6. d4 dxe5 7. dxe5 Nc6 8.
Nc3 Qxe5 9. Qxe5+ Nxe5 10. Bf4 Bd6 11. Bg3 Bg4 12. f3 Bf5 13. O-O-O O-O-O 14.
Nb5 Bc5 15. Be2 f6 16. Rhe1 a6 17. Nc3 Nc6 18. Rxd8+ Rxd8 19. Bc4 b5 20. Be6+
Bxe6 21. Rxe6 Kb7 22. Re4 f5 23. Re6 g5 24. Nd1 Nd4 25. Re1 Nc6 26. c3 f4 27.
Bf2 Rxd1+ 28. Rxd1 Bxf2 29. Rd7 h5 30. Rh7 h4 31. Rg7 Bg1 32. h3 Bf2 33. Rxg5
Nd8 34. Kc2 Kc6 35. Rf5 Ne6 36. b4 Kd6 37. Kd3 c5 38. a3 c4+ 39. Kc2 Bg3 40. a4
bxa4 41. Ra5 Nc7 42. Rxa4 Bf2 43. Ra5 Bb6 44. Rf5 Nd5 45. Kd2 Be3+ 46. Kc2 Bf2
47. Kd2 Be3+ 48. Kc2 Bb6 49. Rg5 a5 50. bxa5 Bxa5 51. Rh5 Bxc3 52. Rxh4 Be1 53.
Rh6+ Kc5 54. h4 Ne3+ 55. Kc1 c3 56. Kb1 Bd2 0-1

[Event "chess.com SpeedChess Q2Sw"]
[Site "chess.com INT"]
[Date "2022.11.12"]
[Round "9"]
[White "Urazayev, Arystanbek"]
[Black "Melkumyan, Hrant"]
[Result "1-0"]
[WhiteTitle "IM"]
[BlackTitle "GM"]
[WhiteElo "2458"]
[BlackElo "2645"]
[WhiteFideId "13709810"]
[BlackFideId "13302485"]
[EventDate "2022.11.12"]

1. e4 c5 2. Nf3 Nc6 3. Bb5 g6 4. O-O Bg7 5. c3 a6 6. Bxc6 dxc6 7. d4 cxd4 8.
cxd4 Bg4 9. Be3 Bxf3 10. Qxf3 Bxd4 11. Bxd4 Qxd4 12. Rd1 Qxb2 13. Nc3 Nf6 14.
Rab1 Qc2 15. Rbc1 Qb2 16. Rb1 Qa3 17. Rxb7 O-O 18. e5 Nh5 19. Nd5 Qxf3 20. Nxe7+
Kg7 21. gxf3 Rad8 22. Rd6 c5 23. Nc6 Rc8 24. e6 Nf4 25. e7 Rfe8 26. Rd8 Rxe7 27.
Rxe7 Rxc6 28. Rdd7 Rf6 29. Re4 g5 30. Re5 Kg6 31. Rd8 h6 32. Rg8+ Kh7 33. Rc8
Rb6 34. Kf1 Rb1+ 35. Re1 Rb2 36. a4 Nd3 37. Ra1 Rxf2+ 38. Kg1 Rc2 39. Rc6 Nb4
40. Rb6 Kg7 41. a5 f6 42. Re1 Kg6 43. Ree6 Nd5 44. Rxa6 c4 45. Red6 Rc1+ 46. Kf2
Rc2+ 47. Ke1 Nf4 48. Rxf6+ Kg7 49. Rfc6 Nd3+ 50. Kf1 Rf2+ 51. Kg1 Rxf3 52. Ra7+
Rf7 53. Rxf7+ Kxf7 54. a6 Nb4 55. Rc7+ Ke6 56. a7 1-0

[Event "chess.com SpeedChess Q2Sw"]
[Site "chess.com INT"]
[Date "2022.11.12"]
[Round "9"]
[White "Costello, Alexander"]
[Black "Ristic, Nebojsa M"]
[Result "0-1"]
[WhiteTitle "IM"]
[BlackTitle "IM"]
[WhiteElo "2224"]
[BlackElo "2335"]
[WhiteFideId "2099659"]
[BlackFideId "900850"]
[EventDate "2022.11.12"]

1. c4 Nf6 2. Nc3 b6 3. e4 d6 4. d4 Nbd7 5. g4 h6 6. Be3 e5 7. d5 Nc5 8. f3 a5 9.
Qd2 a4 10. O-O-O Be7 11. Nge2 Ba6 12. Ng3 Nfd7 13. h4 Bxh4 14. Nf5 Bf6 15. g5 g6
16. Nxh6 Bg7 17. Qg2 Qe7 18. Be2 O-O-O 19. Ng4 Kb8 20. Kb1 Rdf8 21. Rxh8 Rxh8
22. Rh1 Qd8 23. Kc2 Bc8 24. b4 axb3+ 25. axb3 Na6 26. Kb2 Ndc5 27. Rxh8 Qxh8 28.
Nh6 Qe8 29. Qh2 Nb4 30. Nb5 Bd7 31. Nc3 Nbd3+ 32. Bxd3 Nxd3+ 33. Kc2 Ne1+ 34.
Kb2 Nxf3 35. Qf2 Bxh6 36. gxh6 Bg4 37. Bg5 Qh8 38. Nb5 Nxg5 39. Nxd6 f5 40. c5
cxd6 41. cxd6 Qd8 42. h7 Nxh7 43. Qh2 Nf6 44. Qxe5 Nxe4 45. d7+ Kb7 46. Qe6 Nc5
47. Qc6+ Kb8 48. Qd6+ Ka7 49. b4 Qxd7 50. bxc5 Qxd6 51. cxd6 f4 52. Kc3 Bd7 53.
Kd4 g5 54. Ke4 b5 55. Kd4 f3 0-1

[Event "chess.com SpeedChess Q2Sw"]
[Site "chess.com INT"]
[Date "2022.11.12"]
[Round "9"]
[White "Kollars, Dmitrij"]
[Black "Durarbayli, Vasif"]
[Result "1-0"]
[WhiteTitle "GM"]
[BlackTitle "GM"]
[WhiteElo "2611"]
[BlackElo "2612"]
[WhiteFideId "12909572"]
[BlackFideId "13402935"]
[EventDate "2022.11.12"]

1. e4 c5 2. Nf3 d6 3. Bb5+ Nd7 4. O-O a6 5. Bd3 Ngf6 6. Re1 Qc7 7. c3 e5 8. Bc2
Be7 9. d4 O-O 10. a4 b6 11. Nbd2 cxd4 12. cxd4 Bb7 13. Nf1 Rfe8 14. Ng3 Rac8 15.
Re2 Bf8 16. d5 b5 17. axb5 axb5 18. Bd3 b4 19. Bd2 Qb6 20. Ra4 b3 21. Rb4 Qa7
22. Rxb3 Nc5 23. Ra3 Qb8 24. Bc2 Ba6 25. Re1 Qxb2 26. Bc1 Qb4 27. Ra1 Ra8 28.
Bd2 Qb7 29. h3 Rec8 30. Be3 Nfd7 31. Nd2 Nb6 32. Rb1 Qc7 33. Nf5 Nbd7 34. Qg4
Nf6 35. Qf3 Kh8 36. Rec1 Qd7 37. Bd1 Bd3 38. Bc2 Bxc2 39. Rxc2 Nd3 40. Rxc8 Rxc8
41. Bg5 Nf4 42. Bxf6 gxf6 43. h4 Rc2 44. Nf1 Qa7 45. N1e3 Rc8 46. Rf1 Qa4 47. g3
Ng6 48. Kh2 Bg7 49. Nxg7 Kxg7 50. Nf5+ Kf8 51. Nxd6 Rd8 52. Qxf6 1-0

[Event "chess.com SpeedChess Q2Sw"]
[Site "chess.com INT"]
[Date "2022.11.12"]
[Round "9"]
[White "Hakobyan, Aram"]
[Black "Deac, Bogdan-Daniel"]
[Result "0-1"]
[WhiteTitle "GM"]
[BlackTitle "GM"]
[WhiteElo "2613"]
[BlackElo "2700"]
[WhiteFideId "13306677"]
[BlackFideId "1226380"]
[EventDate "2022.11.12"]

1. e4 e5 2. Nf3 Nc6 3. Bb5 Nf6 4. O-O Nxe4 5. Re1 Nd6 6. Nxe5 Be7 7. Bf1 Nf5 8.
Nf3 d5 9. d4 O-O 10. c3 Re8 11. Qb3 Rb8 12. Bf4 Be6 13. Nbd2 Bd6 14. Bxd6 Nxd6
15. Bd3 Qf6 16. Ne5 Ne7 17. Qa4 a6 18. Nd7 Bxd7 19. Qxd7 c6 20. Nb3 Ng6 21. g3
Nf8 22. Qg4 g6 23. Nc5 a5 24. a4 h5 25. Qh3 Kg7 26. Qg2 b6 27. Nb3 h4 28. Nd2
hxg3 29. hxg3 Rxe1+ 30. Rxe1 Re8 31. Rxe8 Nxe8 32. Nf3 Qe6 33. Qf1 f6 34. Nh4
Nd6 35. Ng2 f5 36. Nf4 Qe7 37. b4 Nf7 38. b5 Qd6 39. Qe2 c5 40. Qe8 cxd4 41.
cxd4 Qb4 42. Qc6 Qxd4 43. Qxg6+ Nxg6 44. Ne6+ Kf6 45. Nxd4 Nd6 46. f4 Ne7 47.
Kf2 Nb7 48. Nb3 Nd6 49. Ke3 Ke6 50. Nd4+ Kf6 51. Ne2 Nb7 52. Nc3 Nc5 53. Kd4
Ne6+ 54. Ke3 d4+ 55. Kd2 dxc3+ 56. Kxc3 Nd5+ 57. Kc4 Ne3+ 58. Kc3 Nc5 59. Bb1
Nxa4+ 60. Kd4 Nf1 61. Kd5 Nc3+ 62. Kc6 Nxb1 63. Kxb6 Nc3 64. g4 fxg4 65. Kxa5
Nxb5 66. Kxb5 g3 0-1

[Event "chess.com SpeedChess Q2Sw"]
[Site "chess.com INT"]
[Date "2022.11.12"]
[Round "9"]
[White "Vidit, Santosh Gujrathi"]
[Black "Steinberg, Nitzan"]
[Result "1-0"]
[WhiteTitle "GM"]
[BlackTitle "GM"]
[WhiteElo "2724"]
[BlackElo "2537"]
[WhiteFideId "5029465"]
[BlackFideId "2801795"]
[EventDate "2022.11.12"]

1. e4 c5 2. Nf3 d6 3. d4 cxd4 4. Nxd4 Nf6 5. Nc3 a6 6. Be2 e5 7. Nb3 Be7 8. O-O
O-O 9. Kh1 b6 10. a4 Bb7 11. f3 Nc6 12. Be3 Nb4 13. Bg5 Nh5 14. Bxe7 Qxe7 15.
Bc4 Rac8 16. Nd2 Qh4 17. Kg1 Qg5 18. Bb3 Kh8 19. Nc4 Rcd8 20. Qd2 Nf4 21. Kh1 f5
22. Nxb6 Rf6 23. g3 Ne6 24. Qxg5 Nxg5 25. Ncd5 Nxd5 26. Bxd5 Bxd5 27. Nxd5 Rf7
28. exf5 Rxf5 29. Kg2 h5 30. h4 Ne6 31. Rad1 Kh7 32. b4 g5 33. hxg5 Nxg5 34. a5
Ne6 35. c3 Rd7 36. Rh1 Rg7 37. Rd3 Kg8 38. Rh4 Kf7 39. Kf2 Rfg5 40. Rh3 h4 41.
g4 e4 42. fxe4 Rxg4 43. Rdf3+ Kg6 44. Rf6+ Kh5 45. Rxe6 Rg2+ 46. Ke3 Kg4 47. Rf3
Rg3 48. Rf6 h3 49. Rf4+ Kh5 50. Nf6+ Kh6 51. Rxg3 Rxg3+ 52. Kf2 h2 53. Rh4+ Kg5
54. Rxh2 Rxc3 55. Nd5 Rc2+ 56. Kg3 Rc4 57. Re2 Rd4 58. Kf3 Rd3+ 59. Re3 1-0

[Event "chess.com SpeedChess Q2Sw"]
[Site "chess.com INT"]
[Date "2022.11.12"]
[Round "9"]
[White "Oparin, Grigoriy"]
[Black "Rasulov, Vugar"]
[Result "1-0"]
[WhiteTitle "GM"]
[BlackTitle "GM"]
[WhiteElo "2683"]
[BlackElo "2525"]
[WhiteFideId "24125890"]
[BlackFideId "13402390"]
[EventDate "2022.11.12"]

1. d4 d5 2. c4 c6 3. Nf3 Nf6 4. Nc3 e6 5. e3 Nbd7 6. Bd3 dxc4 7. Bxc4 b5 8. Bd3
Bb7 9. O-O a6 10. e4 b4 11. d5 bxc3 12. dxe6 fxe6 13. e5 c5 14. exf6 Qxf6 15.
bxc3 Be7 16. Ng5 Ne5 17. Be4 Bxe4 18. Nxe4 Qf5 19. Qa4+ Kf7 20. Bg5 Rhd8 21.
Bxe7 Kxe7 22. Rab1 Kf8 23. Nxc5 Nf3+ 24. gxf3 Qxc5 25. Qf4+ Kg8 26. Rb7 Rf8 27.
Qg4 Qxc3 28. Rd1 Rad8 29. Rxd8 Rxd8 30. Qxe6+ Kh8 31. Rd7 Qc1+ 32. Kg2 Qg5+ 33.
Kh3 Rf8 34. Qg4 Qf6 35. Kg2 h6 36. a4 Rb8 37. Rd4 Rf8 38. Re4 Qc3 39. Rf4 Rxf4
40. Qxf4 Qc6 41. Qe4 Qf6 42. h4 g5 43. h5 Kg7 44. a5 Kf7 45. Qb7+ Kf8 46. Qb6
Kf7 47. Qb7+ Kf8 48. Qd5 Ke7 49. Qe4+ Kd6 50. Qc4 Ke7 51. Qc7+ Kf8 52. Kg3 Kg8
53. Qb8+ Kf7 54. Qb7+ Kf8 55. Qb8+ Kf7 56. Qa7+ Kf8 57. Qc5+ Kf7 58. Qd5+ Ke7
59. Qe4+ Kd6 60. f4 Qc3+ 61. Kg4 Qxa5 62. Qg6+ Kc7 63. Qxh6 gxf4 64. Qg7+ Kd6
65. h6 Qe1 66. Qf6+ Kd7 67. h7 Qg1+ 68. Kh5 Qh1+ 69. Kg6 f3 70. h8=Q 1-0

[Event "chess.com SpeedChess Q2Sw"]
[Site "chess.com INT"]
[Date "2022.11.12"]
[Round "9"]
[White "Bilan, Danila"]
[Black "Krishnakumar, Sriram"]
[Result "1/2-1/2"]
[WhiteTitle "FM"]
[BlackTitle "FM"]
[WhiteElo "2303"]
[BlackElo "2248"]
[WhiteFideId "24161918"]
[BlackFideId "30915856"]
[EventDate "2022.11.12"]

1. d4 d5 2. Nf3 Nf6 3. c4 c6 4. Nc3 e6 5. Bg5 Nbd7 6. cxd5 exd5 7. e3 Be7 8. Bd3
O-O 9. Qc2 h6 10. Bh4 Re8 11. O-O Nb6 12. Ne5 Be6 13. f4 Nfd7 14. Bg3 Nxe5 15.
dxe5 d4 16. Ne4 dxe3 17. f5 Bd5 18. f6 Bf8 19. fxg7 Bxg7 20. Nf6+ Bxf6 21. Rxf6
Re6 22. Raf1 Nd7 23. Rxf7 Nxe5 24. Bh7+ Kh8 25. Qc3 Qg5 26. R1f5 Qg7 27. Rxg7
Kxg7 28. Rxe5 Rxe5 29. Qxe5+ Kxh7 30. Qxe3 Rf8 31. Bf4 h5 32. h4 Bxa2 33. Bg5
Bd5 34. Qxa7 Rf7 35. Qd4 Kg6 36. Qd3+ Kg7 37. Qe2 Kg6 38. Qc2+ Kg7 39. Qc3+ Kg6
40. Qh8 Rh7 41. Qe8+ Rf7 42. Kh2 Kf5 43. Qd8 Ke4 44. Qe8+ Kd3 45. Qe3+ Kc2 46.
Qc3+ Kb1 47. b4 Rf2 48. Qd3+ Ka2 49. Qd4 Rxg2+ 50. Kh3 Rg4 51. Bf6 Rxd4 52. Bxd4
Be6+ 53. Kg3 Kb3 54. Bc5 b6 55. Be7 Kc4 56. Kf4 Bg4 57. Ke3 c5 58. bxc5 bxc5 59.
Kd2 Kb4 60. Kc1 Kb5 61. Bg5 c4 62. Bf6 Kb4 63. Bg5 Kb3 64. Bf6 c3 65. Bg5 Kc4
66. Bf6 Kd3 67. Bg5 Ke4 68. Bf6 Kf5 69. Bg5 Be2 70. Kc2 Bg4 71. Kxc3 Ke4 72. Kd2
Kf3 73. Kd1 Kg2+ 74. Kd2 Kh3 75. Ke3 Kg2 76. Kd4 Kh3 77. Ke5 Kg2 78. Kf6 Kh3 79.
Kg7 Kg2 80. Kh6 Kh3 81. Kg7 Kg2 82. Kh8 Kh3 83. Kg7 1/2-1/2

[Event "chess.com SpeedChess Q2Sw"]
[Site "chess.com INT"]
[Date "2022.11.12"]
[Round "9"]
[White "Ivic, Velimir"]
[Black "Lewtak, Damian"]
[Result "1-0"]
[WhiteTitle "GM"]
[BlackTitle "IM"]
[WhiteElo "2560"]
[BlackElo "2385"]
[WhiteFideId "950122"]
[BlackFideId "1141724"]
[EventDate "2022.11.12"]

1. e4 e6 2. d4 d5 3. Nc3 dxe4 4. Nxe4 Nd7 5. Nf3 Ngf6 6. Nxf6+ Nxf6 7. Be3 b6 8.
Bb5+ Bd7 9. Bd3 Bc6 10. Qe2 Bd6 11. O-O-O Qe7 12. Ne5 Bxe5 13. dxe5 Nd7 14. Qg4
O-O-O 15. Qxg7 Rdg8 16. Qh6 Bxg2 17. Rhg1 Nxe5 18. Ba6+ Kb8 19. Rxg2 Rxg2 20.
Qf4 Rd8 21. Qxe5 Rxd1+ 22. Kxd1 Qd6+ 23. Qxd6 cxd6 24. h4 Kc7 25. h5 e5 26. Bd3
d5 27. Bxh7 d4 28. Bd2 Rxf2 29. h6 Rh2 30. Bf5 Kd6 31. h7 Ke7 32. Bg5+ f6 33.
Bd2 Kf7 34. c3 dxc3 35. Bxc3 Kg7 36. Ke1 Rh5 37. Bd3 Rh3 38. Ke2 Kh8 39. Be4 Kg7
40. a4 Kf7 41. Kf2 Ke6 42. Kg2 Rh5 43. Bc2 Ke7 44. Kf3 f5 45. Bxe5 Rxh7 46. Bxf5
Rh4 47. Bc2 Rb4 48. Bc3 Rc4 49. Ke3 Rc6 50. Be4 Re6 51. Kd4 Rh6 52. Kd5 Kd7 53.
Bd3 Kc7 54. Be5+ Kb7 55. Kd4 Rh4+ 56. Be4+ Ka6 57. b4 Rg4 58. Kd5 Rh4 59. Bc3
Kb7 60. Ke5+ 1-0

[Event "chess.com SpeedChess Q2Sw"]
[Site "chess.com INT"]
[Date "2022.11.12"]
[Round "9"]
[White "Bortnyk, Olexandr"]
[Black "Vogel, Roven"]
[Result "0-1"]
[WhiteTitle "GM"]
[BlackTitle "IM"]
[WhiteElo "2604"]
[BlackElo "2461"]
[WhiteFideId "14120828"]
[BlackFideId "12908088"]
[EventDate "2022.11.12"]

1. e4 e5 2. Nf3 Nc6 3. Bb5 a6 4. Ba4 Nf6 5. Qe2 b5 6. Bb3 Bc5 7. c3 d6 8. h3 Bb6
9. O-O Ne7 10. d4 Ng6 11. a4 Bd7 12. dxe5 dxe5 13. Rd1 O-O 14. Bg5 Qe7 15. axb5
Bxb5 16. Bc4 h6 17. Bxf6 Qxf6 18. Bxb5 Nf4 19. Qf1 axb5 20. Rxa8 Rxa8 21. Nbd2
c6 22. g3 Ne6 23. h4 Nc5 24. Kg2 Rd8 25. Ne1 Na4 26. Qe2 Nxb2 27. Ra1 Qxf2+ 28.
Qxf2 Bxf2 29. Nef3 Be3 30. Nb3 Nc4 31. Ra6 Bb6 32. Nxe5 Nxe5 33. Rxb6 Rd3 34.
Nd4 Rxc3 35. Nf5 h5 36. Nd6 g6 37. Rb8+ Kg7 38. Ne8+ Kf8 39. Nf6+ Ke7 40. Ng8+
Kd6 41. Nf6 Rc2+ 42. Kf1 Ke6 43. Ng8 Ng4 44. Re8+ Kd6 45. Ke1 Rc3 46. Rd8+ Kc5
47. Rf8 Rxg3 48. Rxf7 Re3+ 49. Kd2 Rxe4 50. Ne7 Ne5 51. Rg7 Rxh4 52. Ng8 Kd4 53.
Nf6 Rh2+ 54. Ke1 Ke3 55. Kf1 Nf3 56. Re7+ Kf4 57. Rf7 Ke3 58. Re7+ Kd3 59. Nd7
b4 60. Rf7 Nd4 61. Ne5+ Ke4 62. Nxg6 b3 63. Rb7 b2 64. Re7+ Kf5 0-1

[Event "chess.com SpeedChess Q2Sw"]
[Site "chess.com INT"]
[Date "2022.11.12"]
[Round "9"]
[White "Stribuk, Artiom"]
[Black "Jones, Gawain C B"]
[Result "1/2-1/2"]
[WhiteTitle "FM"]
[BlackTitle "GM"]
[WhiteElo "2312"]
[BlackElo "2623"]
[WhiteFideId "13515659"]
[BlackFideId "409561"]
[EventDate "2022.11.12"]

1. d4 Nf6 2. c4 g6 3. g3 Bg7 4. Bg2 O-O 5. Nc3 d6 6. Nf3 c5 7. d5 e6 8. O-O Re8
9. Re1 exd5 10. cxd5 Bf5 11. Nd2 Qd7 12. e4 Bg4 13. f3 Bh3 14. a4 Na6 15. Nc4
Bxg2 16. Kxg2 Nb4 17. Bf4 Nh5 18. Bxd6 b6 19. g4 Bf8 20. Bg3 Nxg3 21. hxg3 Rad8
22. Qd2 Bg7 23. Rad1 Bd4 24. Rh1 Bg7 25. g5 Qe7 26. Rh4 Nc6 27. Rdh1 f6 28. gxf6
Qxf6 29. Rxh7 g5 30. R7h5 Nd4 31. Qe3 Rf8 32. Rf1 g4 33. f4 Nf3 34. e5 Qg6 35.
Rhh1 a6 36. d6 b5 37. axb5 axb5 38. Nb6 b4 39. Qe4 Qxe4 40. Nxe4 Ra8 41. Nxa8
Rxa8 42. e6 Bxb2 43. Nxc5 Bd4 44. Ne4 Ra2+ 45. Nf2 Kf8 46. Rh7 Re2 47. d7 Bb6
48. Rh8+ Ke7 49. Re8+ Kf6 50. d8=Q+ Bxd8 51. Rxd8 b3 52. Rb8 b2 53. Kh1 Ke7 54.
f5 Nd2 55. Rxb2 Nxf1 56. Rxe2 Nxg3+ 57. Kg2 Nxe2 58. Nxg4 Nd4 59. f6+ Kxe6 60.
Kg3 Kf5 61. Kh4 Kg6 62. Kg3 Nf5+ 63. Kf4 Nd6 64. Ke5 Ne8 65. Ke6 Nxf6 1/2-1/2

[Event "chess.com SpeedChess Q2Sw"]
[Site "chess.com INT"]
[Date "2022.11.12"]
[Round "9"]
[White "Lazavik, Denis"]
[Black "Demidov, Mikhail"]
[Result "1-0"]
[WhiteTitle "IM"]
[BlackTitle "GM"]
[WhiteElo "2529"]
[BlackElo "2568"]
[WhiteFideId "13515110"]
[BlackFideId "4197143"]
[EventDate "2022.11.12"]

1. d4 g6 2. c4 Bg7 3. Nf3 d6 4. g3 Nf6 5. Bg2 Bf5 6. O-O Qc8 7. Nc3 Ne4 8. Nd5
c6 9. Ne3 Bh3 10. Qc2 Bxg2 11. Kxg2 Nf6 12. b3 O-O 13. Bb2 d5 14. Rac1 e6 15.
Qd3 Nbd7 16. b4 a6 17. a4 Qd8 18. Rc2 Ne4 19. Rb1 h6 20. Ba3 Re8 21. b5 axb5 22.
axb5 Qa5 23. Bb4 Qa4 24. Be1 Nd6 25. Rb4 Qa3 26. Rb3 Qa4 27. bxc6 bxc6 28. Rcc3
Qa1 29. Rb1 Qa6 30. Qc2 Rec8 31. Rc1 Ne4 32. Rb3 Nd6 33. Qd3 Qa4 34. Rb4 Qa2 35.
Rc2 Qa7 36. Qd1 Rcb8 37. Rxb8+ Rxb8 38. Qd3 Qa4 39. Rc3 Ne4 40. Rc1 Qa2 41. Rc2
Rb2 42. Rxb2 Qxb2 43. cxd5 cxd5 44. Qc2 Qxc2 45. Nxc2 Nb6 46. e3 Nc4 47. Bb4 g5
48. Nfe1 Bf8 49. Bxf8 Kxf8 50. f3 Nc3 51. Kf2 Ke7 52. g4 Kf6 53. Nd3 Kg7 54. Nc5
Kf6 55. e4 Nd1+ 56. Ke2 Nc3+ 57. Kd3 Nd1 58. exd5 exd5 59. Nb4 1-0

[Event "chess.com SpeedChess Q2Sw"]
[Site "chess.com INT"]
[Date "2022.11.12"]
[Round "9"]
[White "Yu, Yangyi"]
[Black "Martinez Alcantara, Jose Eduardo"]
[Result "1/2-1/2"]
[WhiteTitle "GM"]
[BlackTitle "GM"]
[WhiteElo "2716"]
[BlackElo "2597"]
[WhiteFideId "8603820"]
[BlackFideId "3805662"]
[EventDate "2022.11.12"]

1. e4 e5 2. Nf3 Nf6 3. Nxe5 d6 4. Nf3 Nxe4 5. d4 Be7 6. Bd3 Nf6 7. O-O O-O 8.
Re1 Nbd7 9. c4 b6 10. Nc3 Bb7 11. d5 Re8 12. h3 Bf8 13. Be3 g6 14. Bc2 Bg7 15.
Qd2 Nc5 16. Bd4 a5 17. Rxe8+ Nxe8 18. Re1 Nf6 19. b3 Bc8 20. a3 Ba6 21. b4 Ncd7
22. Bd3 axb4 23. axb4 Bb7 24. Nb5 Ba6 25. Nc3 Bb7 26. Qb2 Nh5 27. Bxg7 Nxg7 28.
Ne4 Nh5 29. Bf1 b5 30. Nd4 bxc4 31. Bxc4 Ne5 32. Qc3 Nf4 33. Nf3 f6 34. g3 Nh5
35. Nxe5 fxe5 36. Nc5 Bc8 37. Ne6 Qe7 38. Bb3 Ra7 39. Rc1 Nf6 40. Nxc7 Bxh3 41.
Ne6 Ra8 42. Qc7 Qxc7 43. Nxc7 Rb8 44. b5 Nd7 45. Bc4 Nb6 46. Be2 Bd7 47. f3 Kf7
48. Kf2 Ke7 49. f4 exf4 50. gxf4 Rc8 51. Rh1 Rxc7 52. Rxh7+ Kd8 53. Rh8+ Be8 54.
Bd3 Rg7 55. Ke3 Nxd5+ 56. Kd4 Nb6 57. Be4 Ke7 58. Bc6 Bxc6 59. bxc6 Ke6 60. Re8+
Kf5 61. Rf8+ Kg4 62. Rb8 Na4 63. Rb7 Rg8 64. c7 Rc8 65. Kd5 Nc5 66. Ra7 Kxf4 67.
Kxd6 Ne4+ 68. Kd7 Rh8 69. c8=Q Rxc8 70. Kxc8 g5 71. Kd7 g4 72. Ke6 g3 73. Rg7
Ng5+ 74. Kf6 Ne4+ 75. Ke6 Nf2 76. Rxg3 Kxg3 1/2-1/2

[Event "chess.com SpeedChess Q2Sw"]
[Site "chess.com INT"]
[Date "2022.11.12"]
[Round "9"]
[White "Postnikov, Daniil"]
[Black "Samadov, Read"]
[Result "0-1"]
[WhiteTitle "FM"]
[BlackTitle "FM"]
[WhiteElo "2360"]
[BlackElo "2450"]
[WhiteFideId "4166329"]
[BlackFideId "13417444"]
[EventDate "2022.11.12"]

1. d4 Nf6 2. c4 e6 3. Nf3 d5 4. g3 Bb4+ 5. Bd2 Be7 6. Bg2 O-O 7. O-O c6 8. Qc2
Nbd7 9. Bf4 h6 10. Nbd2 g5 11. Be5 Ng4 12. Rfd1 Ndxe5 13. Nxe5 Nxe5 14. dxe5 Qc7
15. Qc3 Rd8 16. e3 Bf8 17. f4 Bg7 18. Nf3 g4 19. Nd4 a6 20. Qc2 Qe7 21. Rac1 Bd7
22. Qe2 h5 23. h4 c5 24. Nb3 dxc4 25. Qxc4 Bb5 26. Rxd8+ Qxd8 27. Qxc5 Bf8 28.
Qd4 Rc8 29. Qxd8 Rxd8 30. Nd4 Bd3 31. Bxb7 Rb8 32. Rc7 Rd8 33. b3 Ba3 34. Bc6
Bb2 35. Bd7 a5 36. Rc8 Rxc8 37. Bxc8 Bc1 38. Kf2 Bb1 39. a4 Kf8 40. Bd7 Ke7 41.
Bb5 Bd2 42. Bc4 Bc3 43. Ke2 Kd7 44. Nb5 Bb4 45. Bd3 Ba2 46. Bc4 Bb1 47. Nd4 Be4
48. Bd3 Bd5 49. e4 Bb7 50. Ke3 Bc5 51. Bc4 Ke7 52. Kd3 Bb6 53. Nb5 Bc5 54. Nc3
Bf2 55. Ne2 Bc6 56. f5 Bd7 57. f6+ Kd8 58. Bb5 Bc8 59. Kc4 Bb7 60. Kd3 Ba8 61.
Bc4 Bb7 62. Bb5 Ba8 63. Bc4 Kc7 64. Bb5 Bc6 65. Bc4 Kb6 0-1

[Event "chess.com SpeedChess Q2Sw"]
[Site "chess.com INT"]
[Date "2022.11.12"]
[Round "9"]
[White "Grandelius, Nils"]
[Black "Darini, Pouria"]
[Result "1-0"]
[WhiteTitle "GM"]
[BlackTitle "GM"]
[WhiteElo "2657"]
[BlackElo "2405"]
[WhiteFideId "1710400"]
[BlackFideId "12502200"]
[EventDate "2022.11.12"]

1. Nf3 d5 2. e3 Nf6 3. c4 e6 4. b3 a5 5. Nc3 Be7 6. Bb2 O-O 7. d4 c6 8. Bd3 c5
9. O-O Nc6 10. cxd5 exd5 11. dxc5 Bxc5 12. Rc1 Qe7 13. Ne2 b6 14. Nf4 Rd8 15.
Bb1 Ba6 16. Re1 Ne4 17. Nxd5 Qe6 18. Nf4 Qh6 19. Bxe4 Rxd1 20. Rexd1 Re8 21. Bd5
Nb4 22. a3 Nxd5 23. Rxd5 Bb7 24. Rg5 Bf8 25. Rg3 Bxf3 26. gxf3 Rd8 27. Kg2 g6
28. Bf6 Rd6 29. Rh3 Qxh3+ 30. Nxh3 Rxf6 31. a4 Rd6 32. Nf4 Rd2 33. Rc3 Bc5 34.
Rd3 Rb2 35. Kg3 Kg7 36. Nd5 h5 37. f4 Rb1 38. Kg2 Kf8 39. h3 Kg7 40. Kf3 Rb2 41.
Nc7 Bb4 42. Nb5 Be1 43. Ke4 Bxf2 44. Rd7 Re2 45. Nd6 Rxe3+ 46. Kd5 Rd3+ 47. Kc6
Kg8 48. Rd8+ Kg7 49. Ne8+ Kf8 50. Rxd3 Kxe8 51. Kd5 Ke7 52. Ke4 Ke6 53. Kf3 Bc5
54. Rd8 f6 55. Rb8 Ke7 56. Ke4 Ke6 57. f5+ gxf5+ 58. Kf3 Ke5 59. Rh8 Ke6 60.
Rxh5 Bd6 61. Rh8 f4 62. Rg8 Kf7 63. Rg4 Ke6 64. h4 f5 65. Rg6+ Ke5 66. h5 Bf8
67. Rxb6 Kd5 68. h6 Kc5 69. Rf6 Bxh6 70. Rxh6 Kb4 71. Rb6+ Ka3 72. Rb5 Ka2 73.
Kxf4 Ka3 74. Kxf5 1-0

[Event "chess.com SpeedChess Q2Sw"]
[Site "chess.com INT"]
[Date "2022.11.12"]
[Round "9"]
[White "Theodorou, Nikolas"]
[Black "Artemiev, Vladislav"]
[Result "1/2-1/2"]
[WhiteTitle "GM"]
[BlackTitle "GM"]
[WhiteElo "2598"]
[BlackElo "2701"]
[WhiteFideId "4262875"]
[BlackFideId "24101605"]
[EventDate "2022.11.12"]

1. e4 e5 2. d4 exd4 3. c3 d5 4. exd5 Nf6 5. Nf3 Qxd5 6. cxd4 Bb4+ 7. Nc3 O-O 8.
Be2 Ne4 9. Bd2 Bxc3 10. bxc3 Nc6 11. O-O Bg4 12. h3 Bh5 13. c4 Qd6 14. d5 Bxf3
15. Bxf3 Nxd2 16. Qxd2 Ne5 17. Be2 Rfe8 18. Rfe1 h6 19. Bf1 Nd7 20. Qc3 b6 21.
g3 Qf6 22. Qa3 Nc5 23. Bg2 Rac8 24. Qxa7 Nd3 25. Rf1 Qd6 26. Qa4 Ra8 27. Qc6
Qxc6 28. dxc6 Re2 29. a3 Kf8 30. Bf3 Rd2 31. Bd5 Nc5 32. Rfe1 Rd3 33. Ra2 Rdxa3
34. Rae2 Ra1 35. Kg2 Rxe1 36. Rxe1 Re8 37. Ra1 g6 38. Ra7 Re7 39. Ra8+ Kg7 40.
Rd8 Kf6 41. h4 h5 42. Kg1 Kg7 43. Kg2 Kf6 44. Kg1 Ne6 45. Rc8 Nd4 46. Kg2 Ke5
47. Rd8 Ne6 48. Rc8 Kd6 49. Ra8 Nd4 50. Rd8+ Kc5 51. Rd7 Re5 52. Rxf7 Kd6 53.
Rf6+ Kc5 54. Rxg6 b5 55. Rg5 Rxg5 56. hxg5 bxc4 57. g6 Nf5 58. Be4 Ng7 59. f4
Kd4 60. Kf3 c3 61. f5 Ke5 62. Ke3 Ne8 63. Bc2 Nf6 64. g7 Ng8 65. Bb3 Ne7 66. Be6
Kf6 67. Kd3 Kxg7 68. Kxc3 Kf6 69. Kd4 Nxc6+ 70. Ke4 Ne7 71. Bd7 c6 72. Be8 c5
73. Bxh5 Nxf5 74. Kd5 Nxg3 75. Kxc5 1/2-1/2